000 00677nam a2200217 a 4500
999 _c11524
_d11524
001 11524
003 BD-JhCC
005 20230119134024.0
008 180624s19921998bg |||| ||a| 000 0 ben d
035 _a(BD-JhCC)11524
040 _aBD-JhCC
_dBD-JhCC
041 _aben
082 _a891.443
_bAHM 1998
100 _aআহমেদ, হুমায়ূন
245 _aউপন্যাস সমগ্র ৩ /
_cহুমায়ূন আহমেদ ।
260 _aঢাকা :
_bপ্রতীক;
_c১৯৯৮.
300 _a৪৮৩ পৃ. :
_c২১সেমি.
650 _aCollection of Novels
942 _2ddc
_cBK
_05